00377nam a2200157Ia 45000010006000000050017000060080041000230410008000640820017000721000026000892450051001152600009001663000028001756500008002036540008002111357520260306164811.0260306t2007||||xx |||||||||||||| ||spa|| aESP a004.678bN15 aNafría, IsmaeleAUT 0aWeb 2.0:bel usuario, el nuevo rey de internet c2007 a370 páginas :c21 cm. aGEN aCCC